[Event "Teplice Open 2017"]
[Site "Teplice"]
[Date "2017.06.18"]
[Round "9"]
[White "Stocek, Jiri"]
[Black "Dobrowolski, Piotr"]
[Result "1-0"]
[WhiteElo "2585"]
[BlackElo "2421"]
[Annotator "TA"]
[PlyCount "111"]
[EventDate "2017.??.??"]
[EventCountry "CZE"]
[SourceTitle "playchess.com"]
[Source "ChessBase"]
[SourceQuality "1"]

{[%evp 21,111,0,0,-6,0,0,0,0,19,17,34,14,22,-32,26,26,57,35,46,61,60,52,64,40,121,58,68,64,105,-75,-50,-97,-96,-108,-17,-44,-35,-30,-32,-27,15,15,269,256,270,265,195,54,78,57,155,142,128,8,152,131,223,207,189,60,141,141,142,128,100,109,119,93,215,184,650,650,646,622,650,650,674,666,1225,1166,2792,2786,2351,2159,1632,1211,2313,1872,5713,1956,29976,29971]} 1. c4 e6 2. g3 d5 3. Bg2 Nf6 4. Nf3 dxc4 5. O-O Nbd7 6. Qa4 a6 7. Qxc4 b5 8. Qc2 Bb7 9. a4 c5 10. Nc3 Qb6 11. d3 Be7 {LiveBook: 70 Games. A13: English Opening: 1...e6} 12. h3 (12. Qb3 b4 13. a5 Qd8 14. Nb1 Bd5 15. Qc2 O-O 16. Nbd2 Nb8 17. Rd1 Ra7 18. e4 Ba8 19. Nb3 {0-1 (49) Nakamura,H (2776)-Kramnik,V (2783) Zuerich 2015}) 12... O-O 13. e4 {[#]} Rfc8 $146 {The position is equal.} ({Predecessor:} 13... c4 14. dxc4 bxc4 15. a5 Qc7 16. Rd1 Bb4 17. Nd4 Bxa5 18. Bg5 Bb6 19. Rac1 {½-½ (74) Onischuk,A (2644)-Novikov,I (2601) Washington DC 2002}) 14. Be3 Bc6 15. Qe2 Qb7 16. Rfc1 Bf8 17. Ra2 (17. b3 $11) 17... h6 (17... c4 $1 $15 18. axb5 axb5 19. Rxa8 Rxa8) 18. b3 $11 g6 19. Rac2 Bg7 20. Nd2 Rd8 {Threatens to win with ...Ne5.} 21. f4 Bf8 22. Bf3 c4 (22... e5 $14) 23. axb5 ({White should try} 23. bxc4 $16 b4 24. Nb3) 23... axb5 $14 {Strongly threatening ...cxd3.} 24. bxc4 b4 25. Nd1 $2 (25. Rb1 $1 $16 {keeps the pressure on.}) 25... Nc5 $1 $17 26. Nf2 $1 Ra3 $1 {[%cal Rc5d3]} 27. e5 {aiming for Bxc6.} Nxd3 (27... Nh5 $17 28. Bxh5 Nxd3) 28. Bxc6 $1 $11 Nxc1 29. Rxc1 Qxc6 30. exf6 Bc5 31. Bxc5 Rxg3+ $2 {[%mdl 8192]} (31... Qxc5 $11 {and Black is okay.} 32. Nde4 Qd4) 32. Kf1 $18 {Hoping for Nde4.} Qxc5 33. Nde4 $1 {[%csl LRc5,LRg3][%cal Re4c5]} Qe3 34. Re1 (34. Rd1 $1 $18 {[%cal Rd1d8]} Qxe2+ 35. Kxe2 Rxd1 36. Kxd1) 34... Qxe2+ $14 35. Kxe2 Rb3 (35... Ra3 $14) 36. Nd2 Rb2 37. Nd3 (37. Nfe4 $1 $16) 37... Ra2 (37... Rc2 $11 {keeps the balance.}) 38. Rb1 $16 Ra3 {[#]} (38... g5 $16) 39. Nf2 $1 $18 Rb8 40. Nb3 ({Better is} 40. h4 $18) 40... g5 (40... Ra2+ $1 $14 41. Nd2 b3) 41. fxg5 $16 hxg5 {[#]} 42. Nd3 $1 Ra2+ 43. Ke3 Rc2 44. Nd2 Rd8 (44... b3 $16 {is a better defense.}) 45. Rb3 $18 Rc3 $2 (45... e5 46. Ne4 Rxc4 47. Nxe5 Rcc8 48. Rxb4 (48. Nxg5 Rc3+ 49. Rxc3 bxc3 $11) 48... Rd5) 46. Rxc3 bxc3 47. Nf3 Ra8 48. c5 {[%cal Bc4c5,Bc5c6][%mdl 32]} Kf8 49. c6 Ke8 50. Nfe5 Kd8 51. Nxf7+ Kc7 52. Nfe5 Rh8 53. Nf2 Rd8 54. f7 Rf8 55. Kd3 (55. Ne4 $142 Ra8 56. Nxg5) 55... Rh8 56. Ng6 {Precision: White = 60%, Black = 24%.} 1-0

[Event "Teplice Open 2017"]
[Site "Teplice"]
[Date "2017.06.18"]
[Round "9"]
[White "Babula, Vlastimil"]
[Black "Plischki, Sebastian"]
[Result "1/2-1/2"]
[WhiteElo "2552"]
[BlackElo "2373"]
[Annotator "TA"]
[PlyCount "93"]
[EventDate "2017.??.??"]
[EventCountry "CZE"]
[SourceTitle "playchess.com"]
[Source "ChessBase"]
[SourceQuality "1"]

{[%evp 19,93,58,60,0,19,0,7,11,28,24,32,0,0,-11,0,-84,-72,-75,-70,-63,-63,-73,-73,-78,-79,-65,-67,-69,-84,-95,-59,-58,-52,-91,-45,-50,-58,-39,-8,0,-9,-12,13,0,6,6,5,8,139,139,206,193,193,193,187,0,0,0,72,72,72,72,72,12,12,0,0,0,0,0,0,0,0,0,0,0]} 1. d4 Nf6 2. c4 e6 3. Nf3 d5 4. Nc3 dxc4 5. e4 b5 6. e5 {D24: Queen's Gambit Accepted: 3 Nf3 Nf6 4 Nc3} Nd5 7. Nxb5 Nb6 8. Be2 Nc6 9. O-O Be7 10. Be3 O-O {LiveBook: 7 Games} 11. a4 $146 (11. Nc3 $14) ({Predecessor:} 11. Qc1 Ba6 12. Nc3 Bb7 13. Rd1 {0-1 (36) Wang,Y (2737)-Mareco,S (2606) Baku 2016}) 11... Ba6 12. Rc1 Nb4 13. Nd2 ({Much weaker is} 13. Bxc4 Nxc4 14. Rxc4 c6 $17) 13... c6 14. Nc3 Rb8 15. a5 N6d5 16. Nxc4 c5 17. Nd6 (17. Nxd5 $11 Nxd5 18. b3) 17... Nxe3 $17 18. fxe3 cxd4 $1 19. Qxd4 {Threatens to win with Bxa6.} Nc6 {[%cal Bb4c6,Bc6e5,Be5d3][%mdl 32]} 20. Qe4 Bxe2 21. Nxe2 Nxe5 $1 22. Nb7 Qd3 23. Qxd3 Nxd3 24. Rc7 Bg5 25. Nf4 Nxb2 26. a6 Rbc8 27. Rfc1 Rxc7 28. Rxc7 Nd1 29. Nd6 Nxe3 30. g3 $1 Nd5 31. Rxa7 Nxf4 32. gxf4 Bxf4 $11 {[%mdl 4096] Endgame KRB-KRN} 33. Nc4 $1 {next Rb7 is good for White.} g5 (33... Rc8 $11 {remains equal.} 34. Rd7 f6) 34. Rb7 $16 {[%mdl 1024] White has strong compensation.} Kg7 (34... Bb8 $16 {is a better defense.}) 35. a7 $18 g4 {[#]} 36. Kg2 $1 Rc8 {[#]} 37. Nb6 $2 (37. h3 $1 $18) 37... Rc2+ $11 38. Kf1 Ra2 (38... Rc1+ $11 39. Ke2 Ra1) 39. a8=Q $16 Rxa8 40. Nxa8 {Strongly threatening Rb4.} Bxh2 41. Nb6 ({White should play} 41. Kg2 $16 Bd6 42. Rb6) 41... h5 $11 {The position is equal.} 42. Nc4 Kg6 43. Ne3 Bf4 44. Kf2 f5 45. Rb6 {aiming for Nd5.} Kf7 $1 46. Rb7+ (46. Nc2 $5 {[%cal Rc2d4]}) 46... Kg6 47. Rb6 {Precision: White = 53%, Black = 52%.} 1/2-1/2

[Event "Teplice Open 2017"]
[Site "Teplice"]
[Date "2017.06.18"]
[Round "9"]
[White "Demuth, Adrien"]
[Black "Sengupta, Deep"]
[Result "1/2-1/2"]
[WhiteElo "2547"]
[BlackElo "2594"]
[Annotator "TA"]
[PlyCount "62"]
[EventDate "2017.??.??"]
[EventCountry "CZE"]
[SourceTitle "playchess.com"]
[Source "ChessBase"]
[SourceQuality "1"]

{[%evp 19,62,24,43,29,31,33,24,22,49,15,18,23,0,-110,-41,-59,-68,-63,-64,-78,-68,-55,0,0,0,0,0,0,0,0,0,0,0,0,0,0,0,0,0,0,0,0,0,0,0]} 1. c4 Nf6 2. Nc3 e5 3. Nf3 Nc6 4. e3 Bb4 5. Qc2 O-O 6. Nd5 Bc5 {A28: English Opening: Four Knights Variation} (6... Re8 7. Ng5 h6 8. Nxf6+ Qxf6 9. Qh7+ Kf8 10. Ne4 Qg6 11. Qxg6 fxg6 12. Bd3 Be7 13. Nc3 Kf7 14. O-O g5 {½-½ (68) Kovalenko,I (2657)-Paichadze,L (2568) Minsk 2017}) 7. Ng5 g6 8. Nxf6+ Qxf6 9. Ne4 Qe7 10. a3 a5 {LiveBook: 9 Games} 11. b3 d6 {[%cal Bd7d6,Bd6d5][%mdl 32]} 12. Bb2 Ba7 13. h4 $146 ({Predecessor:} 13. Be2 Bf5 14. O-O {½-½ (63) Harasta,V (2195)-Schwarz,D (2155) Slovakia 1998}) 13... Nd8 14. O-O-O c6 15. f4 d5 16. Ng3 {[#]} (16. Ng5 $1 $11) 16... Bc5 ({Better is} 16... exf4 $1 $17 17. exf4 a4) 17. Bxe5 $15 Bxa3+ 18. Kb1 {[#]} a4 $1 {[%mdl 512]} 19. h5 $1 {[#]} (19. bxa4 Qb4+) 19... axb3 $1 20. Qxb3 {aiming for hxg6.} Bg4 {[#]} ({Black should play} 20... g5 $15) 21. hxg6 $1 $11 {[%mdl 512] The position is equal.} fxg6 22. Be2 Bxe2 23. Nxe2 Nf7 24. cxd5 Nxe5 25. fxe5 cxd5 26. Qxd5+ Kh8 $1 {Strongly threatening ...Qb4+.} 27. Nd4 Bb2 {Hoping for ...Bxd4.} 28. Kxb2 Qa3+ 29. Kb1 Qd3+ 30. Kb2 {White wants to mate with Rxh7+!} Qa3+ 31. Kb1 {Intending Rxh7+! and mate.} Qd3+ {Precision: White = 88%, Black = 66%.} 1/2-1/2

[Event "Teplice Open 2017"]
[Site "Teplice"]
[Date "2017.06.18"]
[Round "9"]
[White "Hirneise, Tobias"]
[Black "Soysal, Serkan"]
[Result "1/2-1/2"]
[WhiteElo "2466"]
[BlackElo "2370"]
[Annotator "TA"]
[PlyCount "60"]
[EventDate "2017.??.??"]
[EventCountry "CZE"]
[SourceTitle "playchess.com"]
[Source "ChessBase"]
[SourceQuality "1"]

{[%evp 12,60,14,16,22,19,25,21,25,27,31,24,30,6,15,0,-6,0,0,0,0,0,0,0,0,0,0,-7,-13,-13,-6,-6,0,0,0,0,0,-8,-9,-11,-11,-130,-130,-131,-130,-117,-13,-23,-1,-4,-4]} 1. d4 Nf6 2. c4 g6 3. Nf3 Bg7 4. g3 c6 5. Nc3 d5 6. cxd5 {E60: King's Indian: Unusual lines and Fianchetto Variation without Nc3} cxd5 7. Ne5 {LiveBook: 53 Games} Ne4 $146 ({Predecessor:} 7... O-O 8. Bg2 e6 9. O-O Nfd7 10. f4 Nc6 11. Be3 Nb6 12. Bf2 Ne7 13. a4 a5 14. Qb3 Bd7 15. Rfc1 Bc6 16. Nb5 Nbc8 17. e3 Nd6 18. Nxd6 Qxd6 19. Be1 Rfb8 20. Qb6 Qd8 21. Qxd8+ Rxd8 {1-0 (96) Aronian,L (2815)-Giri,A (2752) Flor & Fjaere 2014}) 8. Qa4+ Nc6 9. Nxc6 Nxc3 $1 10. bxc3 Qd7 11. Ba3 bxc6 12. Bg2 (12. Bh3 $5 {[%cal Rh3d7]} Qc7 13. Bxc8 Rxc8 14. O-O $14) 12... a5 {[%cal Ba7a5,Ba5a4][%mdl 32]} 13. e4 Ba6 $1 14. exd5 ({Of course not} 14. Qxa5 O-O $17) 14... Bb5 15. Qb3 $1 {aiming for c4.} a4 $1 {[%cal Ra4b3]} 16. Qb4 {And now c4 would win.} cxd5 {[#]} 17. Bxd5 $1 {[%mdl 512] c4 is the strong threat.} O-O $1 (17... Qxd5 18. Qxe7#) 18. c4 $1 (18. Bxa8 {gets mated.} Qe6+ 19. Be4 Qxe4+ 20. Kd2 Bh6+ 21. f4 Qe2+ 22. Kc1 Qe3+ 23. Kd1 Be2+ 24. Kc2 Bd3+ 25. Kd1 Qe2+ 26. Kc1 Qc2#) 18... Bc6 19. O-O Bxd5 20. cxd5 Qxd5 21. Qxe7 Rfe8 22. Qd6 Qxd6 23. Bxd6 Rad8 24. Be5 Bxe5 25. dxe5 Rxe5 26. Rfe1 {[#]} (26. Rfd1 $11 {keeps the balance.} Red5 27. Rxd5 Rxd5 28. Re1) 26... Rxe1+ $1 $17 27. Rxe1 $11 {KR-KR} Rd2 28. a3 Ra2 ({Black should play} 28... Rd3 $17 29. Re3 Rb3) 29. Re3 f5 30. Kg2 Kf7 {Precision: White = 49%, Black = 52%.} 1/2-1/2

[Event "Teplice Open 2017"]
[Site "Teplice"]
[Date "2017.06.18"]
[Round "9"]
[White "Zanan, Evgeny"]
[Black "Freisler, Pavel"]
[Result "1-0"]
[WhiteElo "2442"]
[BlackElo "2257"]
[Annotator "TA"]
[PlyCount "75"]
[EventDate "2017.??.??"]
[EventCountry "CZE"]
[SourceTitle "playchess.com"]
[Source "ChessBase"]
[SourceQuality "1"]

{[%evp 18,75,39,33,38,38,51,50,54,44,46,58,49,53,76,70,75,58,122,127,110,123,137,115,108,121,112,112,480,470,470,437,547,530,622,377,375,363,372,354,756,722,776,768,778,754,2628,1196,12838,12839,12837,12837,12841,12836,12836,10654,12841,12841,12841,705]} 1. d4 Nf6 2. c4 e6 3. g3 d5 4. Nf3 Bb4+ 5. Bd2 Bd6 6. Bg2 O-O 7. Nc3 c6 8. b3 Nbd7 9. O-O b6 {E01: Catalan: Early deviations} (9... h6 10. Qc2 Re8 11. Rad1 Qe7 12. e4 dxe4 13. Nxe4 Nxe4 14. Qxe4 e5 15. Bc3 Nf6 16. Qc2 e4 17. Rde1 {1-0 (69) Melkumyan,H (2653)-Neiksans,A (2624) Germany 2017}) 10. e4 {LiveBook: 3 Games} Nxe4 11. Nxe4 dxe4 {White is slightly better.} 12. Ng5 Nf6 13. Nxe4 Nxe4 14. Bxe4 Bd7 $146 ({Predecessor:} 14... Bb7 15. Qc2 g6 16. b4 Be7 17. Rfd1 {1-0 (44) Cheng,B (2453)-Van Foreest,L (2453) Amsterdam 2017}) 15. Qc2 h6 16. c5 Bc7 17. b4 b5 (17... f5 $14) 18. a4 $16 {aiming for axb5.} a6 19. Bc3 Rc8 20. axb5 axb5 21. Ra6 {[%cal Ba1a6,Ba6c6,Bc6b6][%mdl 32]} Bb8 22. Qe2 f5 $2 {[%mdl 8192] [#]} (22... Rc7 $16 {is a better chance.} 23. Rfa1 Qe8) 23. Bxc6 $1 $18 {[%mdl 512]} Rxc6 24. Rxc6 f4 {If only Black now had time for ...fxg3....} 25. Rb6 Qg5 26. Bd2 Qd5 27. Re1 Bc7 28. Ra6 Qxd4 $2 {[#]} (28... Bc8 29. Ra3 Rf7) 29. Bxf4 {White is clearly winning.} Bxf4 30. Rd1 Qxb4 31. Rxd7 Bg5 32. Raa7 (32. Qxe6+ $142 Kh8 33. c6) 32... Bf6 33. Qxe6+ Kh8 34. Rf7 Qxc5 35. Rxf8+ Qxf8 36. Qd5 Qb4 37. Ra8+ Kh7 38. Qf5+ {Precision: White = 76%, Black = 31%.} 1-0

[Event "Teplice Open 2017"]
[Site "Teplice"]
[Date "2017.06.18"]
[Round "9"]
[White "Stachowiak, Kamil"]
[Black "Maryasin, Boris"]
[Result "1-0"]
[WhiteElo "2428"]
[BlackElo "2342"]
[Annotator "TA"]
[PlyCount "32"]
[EventDate "2017.??.??"]
[EventCountry "CZE"]
[SourceTitle "playchess.com"]
[Source "ChessBase"]
[SourceQuality "1"]

{[%evp 16,32,10,7,18,0,9,22,22,23,23,25,50,48,81,25,46,56,50]} 1. d4 d5 2. Nf3 {[%cal Bg1f3,Bf3d4,Bd4b5,Bb5c3][%mdl 32]} Nf6 3. g3 c5 4. Bg2 cxd4 5. Nxd4 g6 6. O-O Bg7 7. c4 O-O 8. cxd5 Nxd5 9. Nb5 a6 {D73: Fianchetto Grünfeld: 5 Nf3} 10. N1c3 ({Of course not} 10. Qxd5 Qxd5 11. Bxd5 axb5 $15) 10... Nxc3 11. Nxc3 Nc6 {The position is equal.} 12. Be3 Nd4 13. Qd2 e5 14. Rfd1 Rb8 $146 ({Predecessor:} 14... Qa5 15. Nd5 Qxd2 16. Rxd2 Bg4 17. h3 {1-0 (33) Ahues,C-Richter,K Berlin 1932}) 15. Bh6 ({White should try} 15. Bg5 $16 Qe8 16. Nd5) 15... Bg4 16. Bxg7 Kxg7 1-0

[Event "Teplice Open 2017"]
[Site "Teplice"]
[Date "2017.06.18"]
[Round "9"]
[White "Ahlander, Bjorn"]
[Black "Kucuksari, Kaan"]
[Result "1-0"]
[WhiteElo "2423"]
[BlackElo "2299"]
[Annotator "TA"]
[PlyCount "64"]
[EventDate "2017.??.??"]
[EventCountry "CZE"]
[SourceTitle "playchess.com"]
[Source "ChessBase"]
[SourceQuality "1"]

{[%evp 26,64,26,24,71,66,74,88,81,89,83,73,76,72,66,80,90,57,55,51,71,79,85,84,77,76,81,54,54,50,51,51,162,183,311,307,317,240,527,530,632]} 1. d4 Nf6 2. c4 e6 3. g3 Bb4+ 4. Bd2 Be7 5. Bg2 d5 6. Nf3 O-O 7. O-O c6 8. Qc2 Nbd7 9. Rd1 b6 10. Bf4 Bb7 11. Ne5 Nxe5 {E08: Closed Catalan: Main Line: 7 Qc2} (11... Nh5 12. Bd2 Nhf6 13. cxd5 cxd5 14. Nc6 Bxc6 15. Qxc6 Rc8 16. Qb5 Ne8 17. Qd3 Nd6 18. Nc3 Nf6 19. b3 Qd7 20. Rac1 Rfd8 21. Rc2 Nde4 22. Be1 {½-½ (22) Radjabov,T (2710)-Gelfand,B (2724) Moscow 2017}) 12. dxe5 Nd7 13. cxd5 cxd5 14. e4 {LiveBook: 28 Games} g5 15. Be3 Nxe5 16. exd5 Bxd5 $146 ({Predecessor:} 16... exd5 17. Qf5 Nc4 18. Nc3 Nxe3 19. fxe3 {½-½ (60) Grabarczyk,M (2436)-Ahlander,B (2425) Fredericia 2017}) 17. Nc3 Qc8 {[#] Hoping for ...Bxg2.} 18. Bxd5 exd5 19. Rxd5 Qe6 20. Qe4 Ng6 21. Qxe6 fxe6 22. Rd7 Rfd8 23. Rad1 Kf8 24. Nb5 $36 {[%mdl 2048] Nc7 is the strong threat. White is on the roll.} Ne5 25. Rxd8+ Bxd8 26. Rd6 Kf7 27. Kg2 Be7 28. Bd4 Nc4 {[#]} ({Black should play} 28... Bf6 $1 $14) 29. Rc6 $1 $18 {[%cal Rc6c4]} Na5 (29... Bc5 $142 30. Rc7+ (30. Bxc5 bxc5 31. b3 Ne5 $16) 30... Kg6) 30. Rc7 a6 31. Na7 Rb8 $2 (31... Rxa7 32. Rxa7 Nc6) 32. Nc8 Ke8 {Precision: White = 80%, Black = 46%.} 1-0

[Event "Teplice Open 2017"]
[Site "Teplice"]
[Date "2017.06.18"]
[Round "9"]
[White "Malek, Daniel"]
[Black "Jedlicka, Ales"]
[Result "1-0"]
[WhiteElo "2397"]
[BlackElo "2199"]
[Annotator "TA"]
[PlyCount "109"]
[EventDate "2017.??.??"]
[EventCountry "CZE"]
[SourceTitle "playchess.com"]
[Source "ChessBase"]
[SourceQuality "1"]

{[%evp 14,109,0,-7,0,0,12,4,23,15,22,10,34,-7,0,0,16,14,22,4,5,6,8,12,15,25,30,20,49,31,41,22,45,50,54,27,81,31,106,102,94,91,103,101,132,127,180,181,172,4,4,4,4,4,4,4,27,8,8,8,8,0,0,0,0,0,0,0,0,0,0,0,0,0,0,0,0,0,0,0,0,0,0,0,0,0,0,0,0,0,8,8,1042,1042,29979,29979,29980,29981]} 1. d4 Nf6 2. Bg5 d5 3. e3 g6 4. Bxf6 exf6 5. g3 Bd6 6. Bg2 c6 7. Nd2 O-O 8. Ne2 f5 {D00: 1 d4 d5: Unusual lines} 9. O-O Nd7 {[%cal Bb8d7,Bd7b6,Bb6d5][%mdl 32]} 10. c4 dxc4 {The position is equal.} 11. Nxc4 Bc7 12. b4 Nb6 13. Na5 $146 {[%cal Bc4a5,Ba5b3,Bb3c5][%mdl 32]} ({Predecessor:} 13. Nxb6 axb6 14. Nc3 Be6 15. a4 Bd6 16. Rb1 {0-1 (34) Volodin,A (2491)-Demchenko,A (2595) St Petersburg 2015}) 13... Nd5 14. Qd2 a6 15. Nb3 h5 16. a3 h4 17. Nc3 hxg3 18. hxg3 Nxc3 19. Qxc3 Rb8 20. Nc5 Qd6 21. Rab1 Re8 22. Rfc1 Qf6 23. a4 Bd6 24. Rb2 Bf8 (24... Kg7 $11 {remains equal.}) 25. Rcb1 Rd8 (25... Be6 $14) 26. b5 $16 axb5 27. axb5 cxb5 28. Rxb5 g5 29. Qa5 {[%cal Rc5b7]} b6 (29... Be7 $16 30. Rb6 (30. Nxb7 Bxb7 31. Bxb7 f4 $16) (30. Bxb7 Kg7 $16) 30... Bd6) 30. Rxb6 $18 Rxb6 31. Qxb6 $2 {[#]} (31. Rxb6 $18 Bd6 32. Bb7) 31... Qxb6 $11 32. Rxb6 {White wants to play Rc6.} Bxc5 $1 33. dxc5 $18 {[%mdl 4096] Endgame And now Rb8 would win. KRB-KRB} Rd1+ 34. Kh2 Be6 35. e4 fxe4 36. Bxe4 Rc1 37. Rc6 Kg7 38. f3 Kf6 39. Bd5 Rc2+ 40. Kg1 Ke5 41. Bxe6 fxe6 $11 {KR-KR} 42. Rc8 Kd4 43. c6 Ke3 44. c7 e5 45. Kf1 Rf2+ 46. Ke1 Rc2 {[%cal Rc2c1] [#]} 47. Kf1 Rf2+ 48. Kg1 Rc2 49. Kh1 {With the idea Kg1.} Kf2 50. Kh2 $1 Kxf3+ 51. Kh3 Ke2 52. Kg4 Rc3 $2 {[%mdl 8192]} (52... e4 $11) 53. Kxg5 $18 Rxg3+ 54. Kf5 Rc3 55. Kxe5 {Precision: White = 59%, Black = 41%.} 1-0

[Event "Teplice Open 2017"]
[Site "Teplice"]
[Date "2017.06.18"]
[Round "9"]
[White "Rosen, Eric S"]
[Black "Bartos, Jan"]
[Result "1-0"]
[WhiteElo "2372"]
[BlackElo "2185"]
[Annotator "NA"]
[PlyCount "74"]
[EventDate "2017.??.??"]
[EventCountry "CZE"]
[SourceTitle "playchess.com"]
[Source "ChessBase"]
[SourceQuality "1"]
[TimeControl "40/5400+30:1800+30"]

{[%evp 13,72,31,32767,32767,32767,15,38,24,33,20,28,18,25,19,31,19,21,18,22,0,16,10,14,17,108,83,100,80,91,68,98,84,144,134,846,1040,32767,239,1140,0,882,87,67,-28,62,77,529,193,32767,0,612,32767,32767,32767,32767,32767,32767,32767,32767,32767,29994]} 1. d4 Nf6 2. Nf3 e6 3. Bf4 c5 4. e3 cxd4 5. exd4 b6 6. Bd3 Bb7 7. O-O Be7 8. Re1 O-O 9. Nbd2 d6 {A47: 1 d4 Nf6 2 Nf3 b6: Torre, London and Colle Systems} 10. c3 Nbd7 11. a4 a6 12. Qb3 Re8 13. h3 Bf8 (13... Bc6 14. Ng5 Nf8 15. Nge4 Nxe4 16. Nxe4 Bxe4 17. Bxe4 d5 18. Bd3 {½-½ (32) Thorfinnsson,B (2404)-Kveinys,A (2508) Kragero 2017}) 14. Ng5 $146 ({Predecessor:} 14. Bh2 Qc7 15. Re2 h6 16. Rae1 Qc6 17. Ne4 Nxe4 18. Bxe4 {1-0 (38) Szabolcsi,J (2346)-Feher,A (2227) Hungary 2006}) 14... h6 15. Nge4 Qc7 16. Qc4 Qb8 17. Bc2 Nxe4 18. Nxe4 e5 (18... d5 $11 19. Bxb8 dxc4) 19. dxe5 dxe5 20. Bb3 Re7 21. Bg3 Bxe4 22. Rxe4 Nc5 {[#]} ({Black should play} 22... b5 23. Qc6 bxa4) 23. Rxe5 $1 Rxe5 $4 (23... Qb7 $16 24. Bc2 Rxe5 25. Bxe5 Re8) 24. Qxf7+ Kh7 25. Qg8+ (25. Bc2+ $18 Kh8 26. Qg6 (26. Bxe5 Qxe5 27. Qg6 Kg8 $16)) 25... Kg6 26. Qf7+ $2 ({White should play} 26. Bf7+ $18 Kf6 27. Bh4+ Rg5 28. Ba2) 26... Kh7 27. Bd5 $2 Ra7 28. Qg8+ (28. Bxe5 $16 Qxe5 29. Qxa7 Qxd5 30. Qxb6) 28... Kg6 {[#]} 29. b4 $1 Nd7 $2 (29... Bd6 $16) 30. Qf7+ $2 Kh7 {[#]} 31. Qg8+ $2 ({Don't take} 31. Bxe5 $6 Qxe5 32. Qg8+ Kg6 $14) (31. Be6 $1 $18) 31... Kg6 32. Bf7+ Kf6 (32... Kf5 33. Qh7+ Kf6 34. Bh5 $1 {[%mdl 512]} Rxh5 35. Bxb8 Nxb8 36. g4) 33. Bh5 Nc5 34. Bxe5+ Kxe5 35. bxc5 bxc5 36. Re1+ Kd6 37. Re6+ Kd5 1-0

[Event "Teplice Open 2017"]
[Site "Teplice"]
[Date "2017.06.18"]
[Round "9"]
[White "Kulhanek, Tomas"]
[Black "Andreev, Eduard"]
[Result "0-1"]
[WhiteElo "2353"]
[BlackElo "2434"]
[Annotator "TA"]
[PlyCount "136"]
[EventDate "2017.??.??"]
[EventCountry "CZE"]
[SourceTitle "playchess.com"]
[Source "ChessBase"]
[SourceQuality "1"]

{[%evp 20,136,0,0,16,6,6,-16,20,0,0,-31,-50,-54,-46,-55,-21,-33,-20,-57,-60,-63,-64,-70,-54,-117,-125,-192,-202,-255,-194,-276,-263,-290,-23,-18,-19,-148,-148,-134,-47,-44,-8,-9,-8,-38,0,-31,-24,-70,-65,-98,-93,-126,-123,-152,-135,-131,-137,-222,-147,-305,-364,-352,-310,-275,-270,-247,-147,-268,-200,-226,-149,-195,-179,-187,-179,-179,-179,-285,-279,-285,-285,-278,-278,-264,-264,-264,-235,-271,-265,-258,-170,-304,-295,-12835,-12835,-12836,-12836,-12837,-12837,-12838,-12837,-12839,-12839,-12840,-12840,-12840,-12841,-12841,-12841,-12843,-12843,-12843,-12843,-12844,-12844,-12845,-12845]} 1. e4 c5 2. Be2 Nc6 3. f4 g6 4. Nf3 Bg7 5. O-O d6 6. c3 Nf6 7. d3 O-O 8. Kh1 {B22: Sicilian: 2 c3} b5 9. a3 a5 10. Be3 Bb7 (10... Ng4 11. Bg1 e5 12. fxe5 Ngxe5 13. Nxe5 Nxe5 14. d4 Nd7 15. Bxb5 Qc7 {1-0 (42) Fedoseev,V (2664)-Yu,Y (2736) Ningbo 2015}) 11. Nbd2 {LiveBook: 3 Games} a4 $146 ({Predecessor:} 11... b4 12. Qc2 Rc8 13. Bg1 e6 14. Rad1 Nh5 15. g3 f5 {0-1 (52) Chigaev,M (2551)-Bocharov,D (2611) Sochi 2016}) 12. Qe1 e6 13. h3 b4 14. cxb4 cxb4 15. Nc4 d5 16. Ncd2 bxa3 17. bxa3 dxe4 (17... Nxe4 $5 18. dxe4 d4 $15) 18. dxe4 Na5 $36 {[%mdl 2048] Black has some pressure.} 19. e5 Nd5 20. Bc5 Nxf4 21. Bxf8 Qxf8 22. Bb5 (22. Bd1 $15) 22... Nb3 $17 23. Nxb3 (23. Rd1 $17 {is a better defense.} Qc5 24. Bd7) 23... axb3 $19 24. Qh4 Bh6 25. Bc4 (25. Rab1 {might work better.} g5 26. Qg3 Qxa3 27. Ne1) 25... b2 26. Rab1 Rxa3 $2 (26... Rc8 $19 27. Rxb2 Bxf3 28. Rxf3 Rxc4) 27. Rxb2 $11 Bxf3 28. gxf3 (28. Rxf3 $11 {was the only way to keep the balance.} Rxf3 29. gxf3) 28... Rc3 $1 $17 {[%cal Rc3c4]} 29. Ba6 g5 (29... Nh5 $1 $17 30. Rg2 Kh8) 30. Qf2 Qc5 31. Qxc5 Rxc5 32. Re1 (32. Rb5 $5 {[%cal Rb5c5]} Rc3 33. Bb7 $11) 32... Bf8 {[%mdl 1024] Black has compensation.} 33. Kh2 Ng6 34. Kg3 h5 35. Bf1 Bg7 36. Rb8+ Kh7 37. Rb7 Bxe5+ 38. Kf2 Kg7 39. Rb5 (39. Bb5 $17) 39... Bd4+ 40. Kg3 $2 {[#]} (40. Kg2 $17) 40... Rc2 $1 $19 {aiming for ...Bf2+.} 41. Re2 Rc1 42. Re4 e5 {[%cal Be6e5,Be5d4][%mdl 32]} 43. Bd3 Rc3 ({Better is} 43... Rg1+ $19 44. Kh2 Nf4 45. Rxf4 exf4) 44. Rxd4 (44. Bb1 $17) 44... exd4 $17 {[%mdl 4096] Endgame KRB-KRN} 45. Be4 Rc1 46. Kh2 Kh6 47. Rf5 Rc7 {And now ...Rd7 would win.} 48. Rd5 Nf4 49. Rxd4 (49. Rd6+ $142 Kg7 50. Rxd4) 49... h4 $19 50. Rd6+ {[#]} Kg7 $1 51. Rb6 Rd7 52. Rb2 Rd6 53. Rc2 Ra6 54. Rd2 Ra5 55. Rb2 Ra1 56. Rc2 (56. Bf5 $142) 56... Re1 57. Rb2 $2 (57. Rc7) 57... Re2+ {Black is clearly winning.} 58. Rxe2 Nxe2 {KB-KN} 59. Bd5 Nf4 60. Bc4 Kf6 61. Bf1 Ke5 62. Bc4 f6 63. Ba6 Kd4 64. Bc8 Ke3 65. Bb7 Kf2 66. Bc6 Nd3 67. Bb7 Ne5 68. f4 Nf3+ {Precision: White = 23%, Black = 64%.} 0-1